| 000 | 00716nam a22002177a 4500 | ||
|---|---|---|---|
| 005 | 20240530110535.0 | ||
| 008 | 160330s2009 ua af c 000 0 ara d | ||
| 017 |
_a2008/22401 _bمصر . دار الكتب المصرية |
||
| 020 | _a9789770925730 | ||
| 040 | _aEG-CaGPL | ||
| 082 | 0 | 4 |
_221 _a372.52\ _bد ك |
| 245 | 0 | 0 | _aكتاب التسالى الكبير مع خوخة و فلفل و نمنم / |
| 250 | _aط1. | ||
| 260 |
_aالقاهرة : _bدار الشروق ، _c2009 . |
||
| 300 |
_aمتعدد ؛ _c50 سم . |
||
| 490 | 0 |
_aعالم سمسم _v321 |
|
| 650 | 0 | 4 | _aرسومات الاطفال . |
| 650 | 0 | 4 | _aالتلوين . |
| 942 |
_2ddc _cBK |
||
| 999 |
_c62180 _d62180 |
||